000 00589nam a22002417a 4500
003 UA-OsUOA
001 132013
007 ta
008 20180626b un ||||| |||| 00| 0 ukr d
100 _aАнісімов І. О.
090 _a530(045.8)
_bА67
942 _cBK
040 _aUA-OsUOA
_bukr
_cUA-OsUOA
_dUA-OsUOA
245 _aСинергетика
_bпідручник
300 _a511 с.
955 _a2
041 _aukr
080 _a530(045.8)
020 _a978-966-439-759-6
260 _aК.
_bВПЦ КУ
_c2014
650 7 _a53 Фізика
_2UDC
999 _c420493
_d420493